[Event "Nancy Meurthe rapid 18th"]
[Site "Nancy"]
[Date "2020.02.16"]
[Round "1"]
[White "Daum, Philippe"]
[Black "Gharamian, Tigran"]
[Result "0-1"]
[WhiteElo "1623"]
[BlackElo "2603"]
[PlyCount "64"]
[EventDate "2020.02.16"]
[EventType "swiss (rapid)"]
[EventRounds "9"]
[EventCountry "FRA"]
[SourceTitle "CBM 194 Extra"]
[Source "ChessBase"]
[SourceDate "2020.03.31"]
[SourceVersion "1"]
[SourceVersionDate "2020.03.31"]
[SourceQuality "1"]

1. e4 g6 2. d3 Bg7 3. Nd2 c5 4. Ngf3 Nc6 5. c3 b5 6. Qc2 b4 7. Be2 d6 8. h3 e6 9. 0-0 Nge7 10. Re1 0-0 11. Nf1 Rb8 12. Bf4 Rb6 13. Rad1 d5 14. d4 bxc3 15. bxc3 cxd4 16. Nxd4 Nxd4 17. cxd4 Rc6 18. Qb1 dxe4 19. Qxe4 Bb7 20. Qd3 Nd5 21. Be5 Nc3 22. Rd2 Ba6 23. Qf3 Nxe2+ 24. Rexe2 Bxe2 25. Qxc6 Bxf1 26. Bxg7 Bxg2 27. Qxg2 Kxg7 28. h4 Qxh4 29. d5 Rd8 30. d6 Qf4 31. Rd1 Rxd6 32. Rxd6 Qxd6 0-1

[Event "Lille Luce op 7th"]
[Site "Lille"]
[Date "2016.04.13"]
[Round "7"]
[White "Daum, Philippe"]
[Black "Renard, Stephane"]
[Result "1-0"]
[WhiteElo "1669"]
[BlackElo "1965"]
[PlyCount "59"]
[EventDate "2016.04.09"]
[EventType "swiss"]
[EventRounds "7"]
[EventCountry "FRA"]
[SourceTitle "CBM 171 Extra"]
[Source "ChessBase"]
[SourceDate "2016.04.26"]
[SourceVersion "1"]
[SourceVersionDate "2016.04.26"]
[SourceQuality "1"]

1. e4 c5 2. Nf3 Nc6 3. d4 cxd4 4. Nxd4 Nf6 5. Nc3 e5 6. Ndb5 d6 7. Nd5 Nxd5 8. exd5 Nb8 9. Bd3 a6 10. Nc3 Be7 11. Be3 0-0 12. 0-0 f5 13. f3 Nd7 14. b4 Bf6 15. Bxf5 Nb6 16. Bxc8 Rxc8 17. Ne4 Nc4 18. Bf2 Na3 19. c3 Rc4 20. Qb3 Rxe4 21. fxe4 Nb5 22. a4 Nc7 23. c4 b5 24. axb5 axb5 25. Bb6 Qb8 26. c5 Be7 27. Rxf8+ Bxf8 28. Rf1 Ne8 29. Qg3 Nf6 30. Rxf6 1-0